000
00243nam a2200109Ia 4500
008
230320s9999||||xx |||||||||||||| ||spa||
082
_a
234.165/A23
100
_a
Adnés, Pierre
245
0
_a
El Matrimonio
260
_b
Herder
942
_8
0
_c
LIB
999
_c
23669
_d
23669